| 000 | 01157cam a2200337 a 4500 | ||
|---|---|---|---|
| 999 |
_c806 _d806 |
||
| 001 | 14725319 | ||
| 003 | GZU | ||
| 005 | 20200914122842.0 | ||
| 008 | 070206s2006 rh a b 001 0 eng | ||
| 010 | _a 2007380026 | ||
| 020 | _a9781779220400 | ||
| 020 | _a1779220405 | ||
| 040 |
_aDLC _cDLC _dDLC |
||
| 042 | _alcode | ||
| 043 | _af-rh--- | ||
| 050 | 0 | 0 | _aDT 950.1 FON 2006 |
| 100 | 1 | _aFontein, Joost. | |
| 245 | 1 | 4 |
_aThe silence of Great Zimbabwe : _bcontested landscapes and the power of heritage / _cJoost Fontein. |
| 260 |
_aHarare : _bWeaver Press, _cc2006. |
||
| 300 |
_axvii, 246 p. : _bill ; _c24 cm. |
||
| 504 | _aIncludes bibliographical references (p. [229]-241) and index. | ||
| 650 | 0 |
_aArchaeology and history _zZimbabwe. |
|
| 650 | 0 |
_aSocial archaeology _zZimbabwe. |
|
| 651 | 0 | _aGreat Zimbabwe (Extinct city) | |
| 651 | 0 |
_aZimbabwe _xHistoriography. |
|
| 651 | 0 |
_aZimbabwe _xAntiquities. |
|
| 856 | 4 | 1 |
_3Table of contents only _uhttp://www.loc.gov/catdir/toc/fy0712/2007380026.html |
| 906 |
_a7 _bcbc _corigode _d3 _encip _f20 _gy-gencatlg |
||
| 942 |
_2lcc _cBK _h950.1 _iFON _k2006 |
||